000 00453nam a2200145 i 4500
001 74008
003 ES-MaACL
007 t|
008 040914s1966 sp ||||1| spa d
100 1 _aGonzález, José María.
_958338
245 1 3 _aEl primer obispo chino
_b: Excmo. Sr. D. Fray Gregorio Lo, o López /
_cJosé María González.
260 _aVillaba (Pamplona) :
_bOPE,
_c[1966]
300 _a286 p. ;
_c18 cm.
852 _aES-MaACL
_jG-15939
_bR.62173
999 _c74008
_d74008